| 000 | 00999cam a22003137a 4500 | ||
|---|---|---|---|
| 003 | CHAP | ||
| 005 | 20220817041745.0 | ||
| 008 | 971013s1968 r 00010 d | ||
| 010 | _a23475 | ||
| 011 | _a24447 | ||
| 035 | _a28546 | ||
| 040 | _cCHAP | ||
| 090 | _aFolleto 57 | ||
| 100 | 0 | 0 |
_aBrauer Herrera, Oscar. _915091 |
| 245 | 1 | 3 | _aLa genética vegetal y la propagación de semillas |
| 260 |
_aMéxico, D. F. : _bReunión Nacional de Ciencia y Tecnología en la Reforma Agraria, _c1968 |
||
| 300 | _a23 h. | ||
| 490 | 0 | _aDoc., C-T-Ref./Agr. III-18 | |
| 590 |
_aBATCH-UPD _b10 _c20130110 _lUCH01 _h0924 |
||
| 590 |
_aBATCH-UPD _b10 _c20130410 _lUCH01 _h0545 |
||
| 590 |
_aBATCH-UPD _b10 _c20130914 _lUCH01 _h1205 |
||
| 590 |
_aCONVERSION _b10 _c20130109 _lUCH01 _h1314 |
||
| 650 | 1 | 4 |
_aDiseminación de plantas. _932724 |
| 650 | 1 | 4 | _aGenética vegetal. |
| 830 | 0 |
_aDoc., C-T-Ref./Agr. III-18 _933167 |
|
| 901 | _aBK | ||
| 942 | _cFOLL | ||
| 949 |
_aFolleto 57 _bBC _cFOLL _d-65808 _eTS1 _i28546 _si |
||
| 999 |
_c23475 _d23475 |
||